000 00369nam a2200109Ia 4500
008 240129s9999 xx 000 0 und d
100 _aVAJPAYEE, AMIT
245 0 _aANALYSIS AND DESIGN OF ELECTRIC POWER PREDICTION SYSTEM USING HYBRID APPROACH IN DATA MINING
260 _bMEWAR UNIVERSITY, CHITTORGARH
_c2021
650 _aComputer Science & Engineering
942 _cTHE
999 _c218952
_d218952